| 000 | 00896nam a2200301Ia 4500 | ||
|---|---|---|---|
| 001 | A8445 | ||
| 003 | IT-RoPAU | ||
| 008 | 130308s9999 xx 000 0 und d | ||
| 040 | _aIT-RoPAU | ||
| 040 | _cIT-RoPAU | ||
| 041 | _aITALIANO | ||
| 100 | _aTriacca Achille | ||
| 100 | _gCodice Aut. SPICS: 17363 | ||
| 245 | _a"Benedizioni ""invocative"" su ""realtà cosmiche"" (Le)" | ||
| 245 | _bSacramentali e le Benedizioni (I) | ||
| 250 | _a1a ed. | ||
| 260 | _aGENOVA | ||
| 260 | _bMarietti | ||
| 260 | _c1989 [1° Ed.:1989 - Ed.Ling.Originale:1989] | ||
| 300 | _a"14 p. (prefazione: no ; testo: 14 [pagine: 153-166])" | ||
| 500 | _a"Rilevamento dei Dati Presenti del ""De Benedictionibus"". Elenco Delle3 Benedizioni. per una Teologia Liturgica." | ||
| 650 | _aEUCOLOGIA | ||
| 650 | _eCodice materia Spics: 9161 | ||
| 942 | _cBK | ||
| 957 | _71 | ||
| 999 |
_c63897 _d63897 |
||
| 999 | _bSI | ||
| 999 | _g1 | ||